Stochastic numerics for mathematical physics /

Bibliographic Details
Main Author: Milʹshteĭn, G. N. (Grigoriĭ Noĭkhovich)
Other Authors: Tretyakov, Michael V.
Format: Book
Language:English
Published: Berlin ; New York : Springer, [2004]
Series:Scientific computation.
Subjects:

MARC

Tag First Indicator Second Indicator Subfields
LEADER 00000cam a2200000 a 4500
001 in00002015751
005 20151031144232.0
008 040611s2004 gw a b 001 0 eng c
010 |a  2004103618 
020 |a 3540211101 (hd.bd.) 
035 |a (OCoLC)ocm55653307 
040 |a OHX  |c OHX  |d AZS  |d TXA  |d UtOrBLW 
049 |a TXAM 
082 0 |a 530.15828  |2 22 
090 |a QA274.23  |b .M56 2004 
100 1 |a Milʹshteĭn, G. N.  |q (Grigoriĭ Noĭkhovich) 
245 1 0 |a Stochastic numerics for mathematical physics /  |c G.N. Milstein, M.V. Tretyakov. 
264 1 |a Berlin ;  |a New York :  |b Springer,  |c [2004] 
264 4 |c ©2004 
300 |a ixx, 594 pages :  |b illustrations ;  |c 25 cm. 
336 |a text  |b txt  |2 rdacontent 
337 |a unmediated  |b n  |2 rdamedia 
338 |a volume  |b nc  |2 rdacarrier 
490 1 |a Scientific computation 
504 |a Includes bibliographical references (pages [571]-585) and index. 
650 0 |a Stochastic differential equations. 
650 0 |a Differential equations, Partial  |x Numerical solutions. 
650 0 |a Mathematical physics. 
700 1 |a Tretyakov, Michael V. 
830 0 |a Scientific computation. 
948 |a cataloged  |b h  |c 2004/11/30  |d c  |e dmitchel  |f 8:20:10 am 
994 |a E0  |b TXA 
999 |a MARS 
999 f f |s 3fab050e-aaf0-319a-bf7b-aaed7ec21f38  |i d1f00f15-830e-31dd-b7f3-aa90c3777a26  |t 0 
952 f f |p normal  |a Texas A&M University  |b College Station  |c Sterling C. Evans Library  |d Evans: Library Stacks  |t 0  |e QA274.23 .M56 2004  |h Library of Congress classification  |i unmediated -- volume  |m A14831638883 
998 f f |a QA274.23 .M56 2004  |t 0  |l Evans: Library Stacks